[Event "33rd ECCC Open 2017"]
[Site "Antalya"]
[Date "2017.10.12"]
[Round "4"]
[White "Grischuk, Alexander"]
[Black "Arnaudov, G  Petar"]
[Result "1-0"]
[WhiteElo "2785"]
[BlackElo "2441"]
[Annotator "TA"]
[PlyCount "57"]
[EventType "team-tourn"]
[EventCountry "TUR"]
[SourceTitle "playchess.com"]
[Source "ChessBase"]
[SourceQuality "1"]
[WhiteTeam "Globus"]
[BlackTeam "Asseco See"]

{[%evp 18,57,21,4,22,15,8,9,35,39,34,39,29,39,15,12,19,0,0,0,0,0,0,0,27,31,22,19,98,83,330,322,312,327,323,317,291,287,510,320,421,394]} 1. e4 c6 2. d4 d5 3. e5 Bf5 4. h4 h5 5. Bd3 Bxd3 6. Qxd3 {B12: Caro-Kann: Advance Variation} Qa5+ 7. Bd2 Qa6 8. e6 Qxd3 9. exf7+ Kxf7 10. cxd3 {LiveBook: 6 Games} e6 $146 ({Predecessor:} 10... Nh6 11. Nf3 Nd7 12. Nc3 g6 {½-½ (36) Adhiban,B (2682)-Donchenko,A (2553) Moscow 2017}) 11. Nf3 Bd6 12. Nc3 Ne7 13. Ng5+ Kg6 14. O-O-O {Rde1 is the strong threat.} Nf5 15. Rde1 {[%cal Re1e6]} Nxd4 16. Nxe6 Nf5 17. Ne2 $36 {[%mdl 2048] White has the initiative.} Nd7 18. N2f4+ Bxf4 19. Nxf4+ Kf7 $1 20. f3 Nf6 21. Re5 g6 22. Ne6 Rae8 (22... Rhe8 $11 {keeps the balance.} 23. Ng5+ Kg8) 23. Rhe1 $16 Rc8 $2 (23... Nh7 $16) 24. Ng5+ $18 Kg7 {[#]} 25. Re7+ $1 {[%mdl 512]} Nxe7 26. Rxe7+ Kg8 27. Bc3 ({Much less strong is} 27. Rxb7 $6 d4 $16) 27... Rf8 $2 (27... Ne8 28. Bxh8 Kxh8 29. Rxb7 Nd6 30. Rxa7 Nb5) 28. Rxb7 a6 29. Rc7 {Precision: White = 81%, Black = 26%.} 1-0

[Event "33rd ECCC Open 2017"]
[Site "Antalya"]
[Date "2017.10.12"]
[Round "4"]
[White "Ding, Liren"]
[Black "Stevic, Hrvoje"]
[Result "1-0"]
[WhiteElo "2772"]
[BlackElo "2616"]
[Annotator "TA"]
[PlyCount "97"]
[EventType "team-tourn"]
[EventCountry "TUR"]
[SourceTitle "playchess.com"]
[Source "ChessBase"]
[SourceQuality "1"]
[WhiteTeam "Alkaloid"]
[BlackTeam "Nice Alekhine"]

{[%evp 22,97,35,25,40,24,41,0,0,0,0,0,0,0,0,0,0,0,0,-25,0,0,0,0,22,24,26,26,19,31,13,20,33,27,122,105,231,134,245,252,260,258,290,186,276,202,289,289,288,235,235,235,236,243,239,241,388,369,416,393,494,547,532,518,458,478,1106,1227,1084,971,1206,758,1391,1367,1393,1366,1364,1277]} 1. Nf3 Nc6 2. d4 d5 3. c4 Bg4 4. cxd5 Bxf3 5. gxf3 Qxd5 6. e3 O-O-O 7. Nc3 Qh5 8. f4 Qxd1+ 9. Kxd1 e6 10. Bd2 Nf6 11. Bg2 Ne7 {D07: Queen's Gambit: Chigorin Defence} 12. Ke2 {LiveBook: 12 Games} Kb8 (12... Nf5 13. Rhc1 Kb8 14. b4 h6 15. Na4 b6 16. Rab1 Nd5 17. Kf1 Nh4 18. Bh1 f5 19. Rb3 {½-½ (45) Sadorra,J (2574)-Eid,F (2338) Ashkhabad 2017}) 13. Na4 $146 ({Predecessor:} 13. Rac1 Nf5 14. Rhg1 h6 15. Ne4 Be7 16. Nc5 {½-½ (26) Wu,S (2435)-Ong,C (2315) Singapore 1997}) 13... Nf5 {White has an edge.} 14. Rhd1 Nd5 15. b4 h6 (15... Nxb4 $2 16. Bxb4 Bxb4 17. Rdb1 $18) 16. Nc5 g5 17. fxg5 hxg5 18. h3 Be7 19. a4 Nh4 20. Bf1 Nf5 21. Be1 Rhg8 22. Nd3 Nf4+ 23. exf4 {Black must now prevent Bc3.} Nxd4+ 24. Kd2 Nb3+ 25. Kc2 Nxa1+ 26. Rxa1 gxf4 27. Bc3 Rd5 {[#]} (27... Rg1 $11) 28. Be2 $1 $16 {[%mdl 1024] White has strong compensation.} ({Much worse is} 28. Nxf4 $6 Rf5 $14) 28... Bd6 (28... Rgd8 $16) 29. h4 (29. Bf3 $18) 29... Rf5 (29... f3 $16 30. Bxf3 Rf5) 30. Bf3 $18 e5 31. Re1 f6 32. Nb2 c6 (32... Rh8 {was worth a try.}) 33. Kd3 e4+ (33... Rh8 {might work better.} 34. Nc4 Be7) 34. Rxe4 ({Much less strong is} 34. Bxe4 $6 Rh5 $16) 34... Rd5+ 35. Ke2 Be5 36. Rxe5 Rxe5+ 37. Bxe5+ fxe5 38. Kd3 Rd8+ {[#]} (38... Kc7 {was called for.} 39. Ke4 Re8) 39. Ke4 $1 Rd4+ 40. Kxe5 Rxb4 41. Nd3 {White is clearly winning.} Rxa4 42. h5 {[%cal Bh4h5,Bh5h6,Bh6h7][%mdl 32] Strongly threatening h6.} Ra3 43. Ke4 c5 (43... Ra4+ $142 44. Kf5 Rd4) 44. Nxc5 ({Stronger than} 44. h6 Ra6 $11) 44... Rc3 45. Nd7+ Kc7 46. h6 Rc6 47. h7 Rh6 {[#]} 48. Nf6 $1 {[%mdl 512]} b5 (48... Rxf6 49. h8=Q) 49. Kf5 {Precision: White = 74%, Black = 32%.} 1-0

[Event "33rd ECCC Open 2017"]
[Site "Antalya"]
[Date "2017.10.12"]
[Round "4"]
[White "Svidler, Peter"]
[Black "Efimenko, Zahar"]
[Result "1/2-1/2"]
[WhiteElo "2760"]
[BlackElo "2636"]
[Annotator "TA"]
[PlyCount "85"]
[EventType "team-tourn"]
[EventCountry "TUR"]
[SourceTitle "playchess.com"]
[Source "ChessBase"]
[SourceQuality "1"]
[WhiteTeam "Mednyi Vsadnik"]
[BlackTeam "Beer Sheva"]

{[%evp 26,85,15,3,2,0,14,17,12,11,15,8,26,-7,24,15,25,0,2,5,11,10,24,29,30,29,38,32,16,15,15,15,16,15,15,13,13,11,11,12,15,0,0,0,0,0,17,17,28,8,9,0,0,0,0,0,0,0,0,0,0,0]} 1. e4 e5 2. Nf3 Nc6 3. Bb5 a6 4. Ba4 Nf6 5. O-O Be7 6. d3 d6 7. c3 O-O 8. Nbd2 Re8 9. Re1 Bf8 10. h3 b5 11. Bc2 Bb7 12. d4 g6 13. d5 Nb8 {[%cal Bc6b8,Bb8d7,Bd7b6,Bb6d5][%mdl 32]} 14. Nf1 {LiveBook: 6 Games. C92: Closed Ruy Lopez: 9...Be6, Karpov and Flohr-Zaitsev Variations} (14. c4 c6 15. b3 Qc7 16. a4 bxc4 17. bxc4 a5 18. Nf1 Na6 19. Bg5 Be7 20. Qd2 Nb4 21. Bb1 Nd7 22. Bxe7 Rxe7 23. Ne3 {½-½ (48) Navara,D (2737)-Erdos,V (2585) Slovakia 2017}) 14... Nbd7 15. N3h2 c6 16. dxc6 Bxc6 17. Ng4 Nxg4 18. hxg4 $146 {[%cal Bh3g4,Bg4g5][%mdl 32]} ({Predecessor:} 18. Qxg4 Nf6 19. Qf3 d5 20. Bg5 Be7 21. Bxf6 Bxf6 22. exd5 Bxd5 23. Be4 Bxe4 24. Qxe4 Bg7 {½-½ (24) Mayer,R (2342)-Salzmann,S (2388) ICCF email 2004}) 18... Nb6 19. g5 d5 20. exd5 Nxd5 21. Be4 Re6 22. Qf3 Rc8 23. Nh2 Ne7 24. Ng4 Bg7 25. Rd1 Rd6 26. Rxd6 Qxd6 27. Be3 Bxe4 28. Qxe4 Nf5 29. a4 Rc4 30. Qa8+ Qf8 31. Qxf8+ Kxf8 32. axb5 axb5 33. f3 e4 34. Bf2 exf3 35. gxf3 b4 36. Ra4 Ke8 $1 37. Kf1 Nd6 {The position is equal.} 38. Rxb4 (38. Ne3 {feels hotter.} Rc5 39. Rxb4 Rxg5 40. Ke2 Kd7 41. Kd3) 38... Rxb4 39. cxb4 Bxb2 40. Ke2 Kd7 41. Bc5 Ne8 42. Kd3 f6 43. Nxf6+ {Precision: White = 64%, Black = 65%.} 1/2-1/2

[Event "33rd ECCC Open 2017"]
[Site "Antalya"]
[Date "2017.10.12"]
[Round "4"]
[White "Fedoseev, Vladimir"]
[Black "Roiz, Michael"]
[Result "1/2-1/2"]
[WhiteElo "2733"]
[BlackElo "2604"]
[Annotator "TA"]
[PlyCount "107"]
[EventType "team-tourn"]
[EventCountry "TUR"]
[SourceTitle "playchess.com"]
[Source "ChessBase"]
[SourceQuality "1"]
[WhiteTeam "Mednyi Vsadnik"]
[BlackTeam "Beer Sheva"]

{[%evp 12,107,8,6,6,6,17,0,6,0,8,0,8,0,0,0,-1,-14,3,9,0,12,11,12,16,10,25,0,12,11,12,11,18,29,22,11,32,25,16,12,12,12,12,12,14,14,14,14,14,14,21,1,1,5,66,66,66,0,66,66,66,66,66,58,58,59,66,56,56,56,56,34,34,34,34,34,34,34,34,34,34,34,34,34,34,0,0,0,0,0,0,0,0,0,0,0,0,0]} 1. e4 e5 2. Nf3 Nc6 3. Bc4 Bc5 4. d3 Nf6 5. Nc3 O-O 6. O-O h6 7. Na4 Be7 {C50: Hungarian Defence and Giuoco Pianissimo} 8. a3 (8. h3 d6 9. Be3 Na5 10. Bb3 c5 11. Nc3 Nxb3 12. axb3 Be6 13. Nd2 d5 14. exd5 Nxd5 15. Nxd5 Bxd5 {0-1 (29) Merdovic,M (2117)-Stankovic,D (2262) Vrnjacka Banja 2007}) 8... d6 9. h3 Be6 $146 ({Predecessor:} 9... Nd4 10. Nxd4 exd4 11. c3 Rb8 12. cxd4 b5 13. e5 {0-1 (54) Martin De Aguilera del Amo,J (1693)-Sobrino Garcia,R (1757) Valladolid 2013}) 10. Bxe6 fxe6 11. Nc3 Qe8 12. d4 Nxd4 13. Nxd4 exd4 14. Qxd4 Qc6 15. e5 dxe5 16. Qxe5 Nd5 17. Nxd5 Qxd5 18. Qe2 Bc5 19. c3 Rf6 20. b4 Bd6 21. Rd1 Qe5 22. Qxe5 Bxe5 23. Bb2 Rf7 24. Re1 Bf6 25. Rxe6 Rd8 26. Re2 Rfd7 27. c4 $36 {[%mdl 2048] White fights for an advantage.} Rd1+ 28. Rxd1 Rxd1+ 29. Kh2 Bxb2 30. Rxb2 $11 {[%mdl 4096] Endgame KR-KR} b6 31. b5 Rd3 $1 32. Re2 Rxa3 (32... Kf7 $1 $11) 33. Re8+ Kh7 34. Rc8 (34. Re7 $14) 34... a6 (34... c5 $1 $11) 35. bxa6 $14 Rxa6 36. Rxc7 Ra3 37. f3 Rb3 38. Kg3 Rb4 39. f4 b5 40. c5 {And now f5 would win.} Rc4 41. f5 {Black must now prevent f6.} Kg8 42. Kf3 b4 43. g4 b3 44. Rb7 Rxc5 45. Rxb3 Kf7 46. Rb7+ Kf6 47. Rb6+ Kf7 48. Kf4 Rc3 {The position is equal.} 49. h4 Rc4+ 50. Kf3 Rc3+ 51. Ke2 Rc4 52. g5 hxg5 53. hxg5 Rc5 $1 54. Rb7+ {Precision: White = 58%, Black = 70%.} 1/2-1/2

[Event "33rd ECCC Open 2017"]
[Site "Antalya"]
[Date "2017.10.12"]
[Round "4"]
[White "Harikrishna, P."]
[Black "Burstein, Roman"]
[Result "1-0"]
[WhiteElo "2733"]
[BlackElo "2322"]
[Annotator "TA"]
[PlyCount "71"]
[EventType "team-tourn"]
[EventCountry "TUR"]
[SourceTitle "playchess.com"]
[Source "ChessBase"]
[SourceQuality "1"]
[WhiteTeam "Novy Bor"]
[BlackTeam "MAKABI"]

{[%evp 15,71,41,87,77,65,51,72,71,80,78,87,95,95,100,82,84,101,119,116,101,104,93,110,69,59,69,46,30,34,16,18,17,62,18,18,18,17,0,0,0,10,3,262,246,214,103,95,85,450,433,450,447,435,435,387,385,447,442]} 1. e4 c5 2. Nf3 e6 3. d4 cxd4 4. Nxd4 a6 5. Bd3 Qc7 6. O-O Nf6 7. Qe2 Nc6 8. Nxc6 {B42: Sicilian: Kan Variation: 5 Bd3} bxc6 {LiveBook: 3 Games} 9. e5 $1 {[%cal Re5f6]} Nd5 10. a3 {White is slightly better.} (10. c4 Ne7 11. Bf4 Ng6 12. Bg3 Bb7 13. Nc3 Be7 14. Rad1 c5 15. Be4 O-O {1-0 (49) Vasquez Schroder,R (2546)-Oussedik,M (2280) Baku 2016}) 10... d6 11. c4 Nb6 12. Bf4 $146 ({Predecessor:} 12. c5 dxc5 13. Nd2 Be7 14. f4 O-O 15. Ne4 Nd5 {1-0 (32) Coleman,D (2244)-Warman,S (2153) London 2009}) 12... Nd7 {[%cal Rd7e5]} 13. exd6 Bxd6 14. Bxd6 Qxd6 15. Nc3 c5 16. Rad1 {Black must now prevent Be4.} Rb8 17. Rfe1 Nf6 18. Bc2 Qc7 19. Nd5 Nxd5 20. cxd5 O-O $1 21. d6 Qb6 22. Rd3 (22. d7 {is interesting.} Bb7 23. Rd2 Rfd8 24. Ba4 h6 25. Qd1) 22... c4 23. Rd2 $40 {[%mdl 128] Black needs to defend precisely.} Qc5 24. Be4 {Strongly threatening d7.} Bd7 25. Rc1 Rfc8 26. h4 a5 27. Bb1 {[%cal Be4b1,Bb1a2,Ba2c4][%mdl 32]} Rb6 28. Ba2 {[%cal Rc1c4]} Bb5 $2 {[%mdl 8192] [#]} (28... Rxd6 $11 {and Black stays safe.} 29. Rxc4 Qb6) 29. a4 $1 $18 {[%mdl 512]} Ba6 {[#]} (29... Bxa4 30. Rxc4) 30. d7 (30. Bxc4 $1 $18 {[%mdl 512]} Rb4 (30... Bxc4 31. Rxc4) 31. b3 (31. Bxa6 Qxc1+ 32. Rd1 Qh6 $18)) 30... Rd8 $16 31. Bxc4 {Hoping for Rc3.} Rb7 $2 {[%mdl 8192]} (31... Rb4 $16 {is tougher.}) 32. Qxe6 $18 {Intending Qe8+ and mate.} Bxc4 33. Rxc4 {Qe8+ would kill now.} fxe6 34. Rxc5 {aiming for Rc8.} Kf7 35. Rxa5 Ke7 36. Rb5 {Precision: White = 66%, Black = 41%.} 1-0

[Event "33rd ECCC Open 2017"]
[Site "Antalya"]
[Date "2017.10.12"]
[Round "4"]
[White "Jakovenko, Dmitry"]
[Black "Palac, Mladen"]
[Result "1-0"]
[WhiteElo "2710"]
[BlackElo "2540"]
[Annotator "TA"]
[PlyCount "79"]
[EventType "team-tourn"]
[EventCountry "TUR"]
[SourceTitle "playchess.com"]
[Source "ChessBase"]
[SourceQuality "1"]
[WhiteTeam "Alkaloid"]
[BlackTeam "Nice Alekhine"]

{[%evp 28,79,0,0,0,0,0,0,0,0,37,17,31,27,39,40,91,90,93,84,166,156,346,106,186,179,169,132,647,8,78,90,89,85,92,81,79,99,141,120,126,41,54,12,19,15,29,22,30,0,29987,89,29991,29992]} 1. e4 c5 2. Nf3 d6 3. d4 cxd4 4. Nxd4 Nf6 5. Nc3 a6 6. f3 e5 7. Nb3 Be6 8. Be3 Nbd7 {[%cal Bb8d7,Bd7b6,Bb6d5,Bd5e3][%mdl 32]} 9. Qd2 b5 {[%cal Bb7b5,Bb5b4][%mdl 32]} 10. O-O-O Be7 11. g4 {B90: Sizilianisch (Najdorf-Variante, Abweichungen)} b4 12. Nd5 Bxd5 13. exd5 Nb6 14. Na5 {[%cal Bb3a5,Ba5c4,Bc4e3,Be3f5][%mdl 32]} Nbxd5 15. Nc4 {LiveBook: 4 Partien} (15. Nc6 Qc7 16. Nxb4 Nxe3 17. Qxe3 Qb7 18. Qb3 a5 {½-½ (42) Duda,J (2707)-Kovalyov,A (2641) Linares 2017}) 15... Nxe3 16. Nxe3 O-O 17. h4 a5 {[#]} 18. Nf5 $146 ({Vorgänger:} 18. Kb1 Rc8 {½-½ (49) Shomoev,A (2571)-Bodnaruk,A (2425) St Petersburg 2012}) 18... Ne8 19. Bc4 {[%mdl 1024] Weiss hat Kompensation.} Rc8 20. Bb3 Kh8 21. Kb1 g6 (21... Qd7 $14) 22. Nh6 $36 {[%mdl 2048] Weiss hat starke Initiative.} Kg7 23. g5 Nc7 (23... Qd7 $16) 24. f4 $1 $18 exf4 $2 (24... Ne6 $16 {war einen Versuch wert.}) 25. Rhe1 $2 ({Schwächer ist} 25. Qxf4 f6 $16) (25. Qd4+ $18 {und Weiss behält klar die Oberhand.} f6 26. h5) 25... d5 (25... f6 $16) 26. Qxf4 {Und weiter mit De5+ wäre nett.} f6 {[%cal Rf6g5]} 27. Ng4 {Droht stark De3.} fxg5 $2 {[%mdl 8192] [#]} (27... Qd6 $16 28. Qe3 (28. gxf6+ Kh8 $14) 28... Bd8) 28. Qe3 $2 (28. Rxe7+ $1 $18 {[%mdl 512]} Qxe7 29. Qd4+ Kf7 30. Ba4) 28... Bf6 (28... gxh4 $11 {bleibt in der Remisbreite.} 29. Qxe7+ Qxe7 30. Rxe7+ Rf7 31. Rxf7+ Kxf7) 29. Nxf6 $16 Qxf6 30. hxg5 Qf4 31. Qc5 Qxg5 32. Qxa5 Qh4 33. Qc5 {Droht Te7+ und aus.} ({Viel schlechter ist} 33. Bxd5 $6 Nxd5 34. Qxd5 Rf7 $11) 33... Kh8 34. Rh1 (34. Rf1 $1 $16 {[%cal Rf1f8]} Rxf1 35. Rxf1) 34... Qf4 $14 35. Qc6 {Mit der Idee Dxg6.} Qf6 36. Qd7 {[%csl Gh1][%cal Rd7h7]} Qg7 37. Qd6 Rb8 $1 38. Rde1 {Schwarz muss nun Te7 beachten.} Nb5 $2 {[%mdl 8192] [#]} (38... Rf6 $11 39. Qc5 Rf7) 39. Qxd5 $2 (39. Rxh7+ $1 {[%mdl 512] setzt Matt} Qxh7 40. Qe5+ Kg8 41. Bxd5+ Rf7 42. Qxb8+ Kg7 43. Qe5+ Rf6 44. Qe7+ Rf7 45. Qxf7+ Kh6 46. Qf4+ g5 47. Qf6+ Kh5 48. Rh1+ Kg4 49. Qf3#) 39... h6 $2 {[%mdl 8192]} (39... Rf5 $16 40. Qc6 Rbf8) 40. Qg5 {Precision: Weiß = 50%, Schwarz = 24%.} 1-0

[Event "33rd ECCC Open 2017"]
[Site "Antalya"]
[Date "2017.10.12"]
[Round "4"]
[White "Andreikin, Dmitry"]
[Black "Wagner, Dennis"]
[Result "1-0"]
[WhiteElo "2705"]
[BlackElo "2564"]
[Annotator "TA"]
[PlyCount "59"]
[EventType "team-tourn"]
[EventCountry "TUR"]
[SourceTitle "playchess.com"]
[Source "ChessBase"]
[SourceQuality "1"]
[WhiteTeam "Alkaloid"]
[BlackTeam "Nice Alekhine"]

{[%evp 11,59,-1,21,0,0,2,9,11,83,73,76,81,118,114,112,102,100,105,115,105,128,76,79,63,54,58,72,38,118,119,111,106,111,16,10,16,30,37,93,84,304,289,300,289,286,285,237,27,29995,29996]} 1. Nf3 d5 2. g3 g6 3. d4 Bg7 4. Bg2 Nf6 5. O-O O-O 6. c3 b6 7. c4 {D02: 1 d4 d5 2 Nf3 sidelines, including 2...Nf6 3 g3 and 2...Nf6 3 Bf4} e6 (7... c6 8. Ne5 Bb7 9. Nc3 Nbd7 10. Qa4 Nxe5 11. dxe5 Ne4 12. Nxe4 dxe4 13. Bf4 e3 14. Bxe3 Bxe5 {1-0 (49) Kramnik,V (2777)-Nepomniachtchi,I (2705) Skopje 2015}) 8. cxd5 $146 ({Predecessor:} 8. Nc3 Bb7 9. cxd5 Nxd5 10. Nxd5 Bxd5 11. Bg5 f6 12. Bf4 g5 13. Be3 Nc6 14. Rc1 Qd6 {½-½ (50) Lomako,P (2398)-Rakhmanov,A (2489) Dubna 2007}) 8... exd5 9. Nc3 {The position is equal.} Re8 (9... Bb7 $11) 10. Bg5 $16 Bb7 11. Ne5 h6 12. Bxf6 $1 Bxf6 13. f4 Na6 14. e4 {[%cal Rc3d5]} c6 15. exd5 cxd5 16. f5 ({White should play} 16. h4) 16... Bxe5 17. dxe5 Rxe5 18. fxg6 fxg6 19. Qd4 $1 {[%cal Rd4e5]} Qe7 (19... Qg5 $14) 20. Nxd5 ({Of course not} 20. Bxd5+ $6 Bxd5 21. Nxd5 Qc5 $11) 20... Qc5 21. Rad1 $36 {[%mdl 2048] Black is under strong pressure.} Rb8 22. Nf4 (22. Nf6+ $16 Kh8 23. Nd7 Qxd4+ 24. Rxd4 Bxg2 25. Nxe5 Bxf1 26. Kxf1) 22... Bxg2 $11 23. Kxg2 {Qa4 is the strong threat.} g5 {Strongly threatening ...Qxd4.} 24. Nh5 Qxd4 (24... Re2+ $14 25. Kh3 Qxd4 26. Rxd4 Rb7) 25. Rxd4 $16 {aiming for Rd7.} Rf8 $2 (25... Re2+ $16 {was called for.} 26. Kh3 Rb7) 26. Nf6+ $18 Kg7 27. Rd7+ $1 Kg6 {[#]} 28. Rd6 $1 {White threatens Ng4+ and mate.} Re2+ {[#]} 29. Kh3 $2 (29. Kf3 $1 $18 {[%cal Rf3e2]} Re7 30. Kg4) 29... Rc8 $2 {[%mdl 8192]} (29... Kf7 $11) 30. Ne8+ {Precision: White = 62%, Black = 37%.} 1-0

[Event "33rd ECCC Open 2017"]
[Site "Antalya"]
[Date "2017.10.12"]
[Round "4"]
[White "Najer, Evgeniy"]
[Black "Nemeth, Miklos"]
[Result "1/2-1/2"]
[WhiteElo "2699"]
[BlackElo "2489"]
[Annotator "TA"]
[PlyCount "124"]
[EventType "team-tourn"]
[EventCountry "TUR"]
[SourceTitle "playchess.com"]
[Source "ChessBase"]
[SourceQuality "1"]
[WhiteTeam "Legacy Square Capital"]
[BlackTeam "Dunajska Streda"]

{[%evp 25,124,0,6,8,50,39,48,35,56,39,37,25,31,37,29,36,52,52,41,53,79,55,65,67,88,97,95,95,139,128,130,130,139,114,148,151,147,108,154,22,135,136,160,143,151,137,135,126,114,0,0,0,0,0,0,-22,-29,-51,-24,-39,-18,-41,-13,-8,-15,-8,-8,-16,-8,-8,0,0,0,0,0,0,0,0,0,0,8,116,1064,1025,1143,973,29990,1210,576,772,29973,29974,29978,29979,29978,29980,29980,29980,29980,0,0]} 1. e4 e5 2. Nf3 Nc6 3. Bb5 a6 4. Ba4 Nf6 5. O-O Be7 6. Re1 b5 7. Bb3 d6 8. c3 O-O 9. h3 Bb7 10. d4 Re8 11. Nbd2 Bf8 12. a4 Na5 {C92: Closed Ruy Lopez: 9...Be6, Karpov and Flohr-Zaitsev Variations} 13. Bc2 b4 {LiveBook: 46 Games} (13... exd4 14. cxd4 b4 15. b3 g6 16. d5 Bg7 17. Bb2 c6 18. dxc6 Bxc6 19. Nd4 Bb7 20. Qf3 {½-½ (49) Piorun,K (2631)-Matlakov,M (2707) Khanty-Mansiysk 2017}) 14. Rb1 bxc3 15. bxc3 Rb8 16. Qe2 $146 ({Predecessor:} 16. Bd3 Qd7 17. Qc2 {1-0 (50) Dolezal,R (2050)-Vymazal,B (1830) Plzen 2000}) 16... Qd7 17. d5 c6 18. c4 Ba8 19. Ba3 Qc7 20. Nf1 cxd5 21. cxd5 Nc4 22. Bc1 Nd7 23. Ne3 Rxb1 24. Bxb1 Nxe3 25. Bxe3 Qa5 26. Qc4 f5 {[#]} 27. Bd2 $1 {[%cal Rd2a5]} Qb6 28. exf5 Nf6 29. a5 Qb7 30. Ba2 Rc8 31. Qd3 Rc5 32. Qb1 (32. Ng5 $16) 32... Qc8 (32... Qxb1 $11 33. Bxb1 Bxd5) 33. Ng5 $16 Rc2 34. Rd1 Bxd5 ({Avoid the trap} 34... Qxf5 $2 35. Bb3 $18) 35. Bxd5+ Nxd5 36. Qb3 Qc4 37. Qxc4 ({Better is} 37. Qb7 $16 {Threatening mate with Qf7+.} Nc7 38. Be3) 37... Rxc4 $11 38. Rb1 h6 39. Ne6 Be7 40. Rb7 Kf7 41. Ra7 Kf6 42. Rxa6 Rc2 43. Be3 $1 Nxe3 44. fxe3 Kxf5 45. Nxg7+ $15 {[%mdl 4096] Endgame KRB-KRN} Ke4 46. Ne8 d5 47. Nd6+ Bxd6 48. Rxd6 $11 {KR-KR} Re2 49. a6 Rxe3 {Hoping for ...Ra3.} 50. Rxh6 {Black must now prevent Rh4+.} Ra3 {Strongly threatening ...d4.} 51. Rd6 d4 52. h4 $1 {[%cal Rh4h5]} d3 $1 {...Ke3 is the strong threat.} 53. h5 Ke3 $2 {[%mdl 8192]} (53... d2 $16 54. Rxd2 Ra1+ 55. Kh2 Rxa6) 54. h6 $18 {aiming for h7.} Rc3 55. h7 Rc1+ 56. Kh2 Rc8 57. a7 e4 58. Rh6 Rh8 {[#]} 59. a8=Q $1 {[%mdl 512]} Rxa8 60. h8=Q Rxh8 61. Rxh8 Ke2 62. g4 $2 (62. Rd8 {mates} Kf2 63. Rd7 d2 64. Rxd2+ Ke3 65. Rd8 Kf4 66. Ra8 Ke5 67. Re8+ Kf4 68. Kh3) 62... d2 {Precision: White = 76%, Black = 45%.} 1/2-1/2

[Event "33rd ECCC Open 2017"]
[Site "Antalya"]
[Date "2017.10.11"]
[Round "4"]
[White "Mamedov, Rauf"]
[Black "Pijpers, Arthur"]
[Result "1/2-1/2"]
[WhiteElo "2678"]
[BlackElo "2465"]
[Annotator "TA"]
[PlyCount "57"]
[EventType "team-tourn"]
[EventCountry "TUR"]
[SourceTitle "playchess.com"]
[Source "ChessBase"]
[SourceQuality "1"]
[WhiteTeam "Odlar Yurdu"]
[BlackTeam "Leiden"]

{[%evp 19,57,0,0,-27,-7,-40,50,50,55,62,75,71,69,13,7,28,31,27,15,13,52,0,52,37,29,-18,-16,-32,-17,-34,-17,-22,0,0,0,0,0,0,0,0]} 1. Nf3 d5 2. d4 Nf6 3. Bf4 c5 4. e3 Nc6 5. Nbd2 Qb6 6. dxc5 {D02: 1 d4 d5 2 Nf3 sidelines, including 2...Nf6 3 g3 and 2...Nf6 3 Bf4} Qxb2 7. Rb1 Qc3 8. Bb5 e6 9. O-O Be7 10. Ne5 Bd7 {LiveBook: 4 Games} 11. Nd3 O-O 12. Bc7 Ne8 (12... b6 $15) 13. Rb3 $146 Qf6 14. Bg3 Bd8 15. Ba4 b6 16. e4 (16. c4 $14) 16... Qd4 $11 17. Bxc6 Bxc6 18. Nf3 Qa4 19. Nfe5 Rc8 20. Nxc6 (20. Rb4 $14 Qxa2 21. Nxc6 Rxc6 22. c4 dxc4 23. Ne5 Rxc5 24. Qxd8) 20... Rxc6 (20... Qxc6 $11 21. exd5 Qxd5) 21. exd5 exd5 22. Re1 bxc5 23. Ne5 {[#] And now Nd7 would win.} Re6 $1 {Hoping for ...c4.} 24. Qxd5 Nf6 25. Qxc5 {The position is equal.} Qxa2 26. Ra3 Qb2 27. Rb3 Qa2 28. Ra3 Qb2 29. Rb3 {Precision: White = 51%, Black = 49%.} 1/2-1/2

[Event "33rd ECCC Open 2017"]
[Site "Antalya"]
[Date "2017.10.11"]
[Round "4"]
[White "Sasikiran, Krishnan"]
[Black "Olkhovskiy, Alexander"]
[Result "1-0"]
[WhiteElo "2677"]
[BlackElo "2133"]
[Annotator "TA"]
[PlyCount "57"]
[EventType "team-tourn"]
[EventCountry "TUR"]
[SourceTitle "playchess.com"]
[Source "ChessBase"]
[SourceQuality "1"]
[WhiteTeam "Novy Bor"]
[BlackTeam "MAKABI"]

{[%evp 13,57,103,93,100,119,110,132,120,164,74,228,236,213,213,225,169,234,225,255,126,110,126,143,99,133,135,135,139,210,212,195,212,210,206,320,329,598,618,618,631,1183,1182,1589,1511,2307,2291]} 1. e4 Nf6 2. e5 Nd5 3. d4 d6 4. Nf3 Bg4 5. Be2 c6 6. c4 Bxf3 {B05: Alekhine's Defence: 4 Nf3 Bg4} 7. Bxf3 Nb6 {LiveBook: 5 Games} 8. e6 fxe6 {White is better.} 9. Nd2 $146 ({Predecessor:} 9. Qe2 g6 10. Qxe6 Bg7 11. c5 dxc5 12. dxc5 N6d7 13. O-O Na6 14. Rd1 Naxc5 {1-0 (36) Bologan,V (2665)-Hansen,M (2377) Warsaw 2011}) 9... e5 10. dxe5 dxe5 11. Be4 (11. Qe2 $18 {has better winning chances.}) 11... Qd4 $2 (11... g6 $16) 12. Qh5+ $18 {[%mdl 1024] White has strong compensation.} Kd8 13. O-O N8d7 14. Rd1 Kc7 {[#]} (14... Nf6 {might work better.} 15. Qe2 Ke8) 15. Qe2 $1 {Hoping for Nf3.} Rd8 16. Nf3 (16. Bd3 $18 {and White stays clearly on top.}) 16... Qxc4 $16 17. Bd3 Qg4 18. h3 Qh5 19. Bg5 Nd5 20. Bf5 {Black must now prevent Rxd5!} Qf7 (20... Kb8 $16) 21. Bxd7 $18 Rxd7 22. Nxe5 Qe6 23. Re1 {aiming for Qf3.} Rd6 (23... g6 $142 24. Qf3 (24. Nxd7 Qxe2 25. Rxe2 Kxd7 $16) 24... Qf5) 24. Qf3 Rg8 $2 {[#]} (24... Qg8 25. Nf7 Rd7) 25. Nxc6 $1 {[%mdl 512] White is clearly winning.} Qd7 (25... bxc6 26. Rxe6) 26. Ne5 Qb5 27. Qf7 Rh8 28. Rec1+ Kb8 29. a4 {Precision: White = 68%, Black = 15%.} 1-0